01454nam a2200277 a 450000100100000000500170001000800410002702000150006804000250008308200200010810000470012824500620017526000560023730000210029350000770031459000270039165000290041865000310044791000400047895201330051895201330065195201330078495201180091795201240103599900170115900001318220240412074238.0091120s2002 dr 001 0 spa d a9993439169 aDO-SdBNPbspacBNPHU aRD863.44bV164c1 aValerio-Holguín, Fernando,d1956-91645410aCafé insomnia :bcuentos /cFernando Valerio-Holguín. aSanto Domingo:aLibrería de la Trinitaria,c2002. a128 p. ;c21 cm. aIncluye datos biográficos del autor en la solapa de la contracubierta. aInventariado, 2020 /LP 0aCuentos dominicanos9176 0aLiteratura dominicana.967 aValidado. Control de calidad BNPHU. 001054708DSaGRbGRcHDd2009-11-20iLF1l0oRD863.44 V164cp13182-30r2020-06-25te. 3w2020-06-25yLFDSZPréstamo en sala 001054708DSaGRbGRcHDd2009-11-20iLF1l0oRD863.44 V164cp13182-40r2020-06-25te. 4w2020-06-25yLFDSZPréstamo en sala 001054708DSaGRbGRcHDd2009-11-20iLF1l0oRD863.44 V164cp13182-50r2020-06-25te. 5w2020-06-25yLFDSZPréstamo en sala 0010718PDaPDbPDcHDd2009-11-20iLF1l0oRD863.44 V164cp13182-10r2020-06-25w2020-06-25yLFPDZNo se presta 0010718PDaPDbPDcHDd2009-11-20iLF1l0oRD863.44 V164cp13182-20r2020-06-25te. 2w2020-06-25yLFPDZNo se presta c12821d12821